000
00293nam a2200109Ia 4500
008
200302s9999 xx 000 0 und d
100
_a
Not Known
245
_a
The Secret Of Bidding: Collection Of Excellent Building Competitve Biddings
260
_b
Publisher
260
_c
2010
300
_a
258 P
999
_c
4934
_d
4934